000 00775nam a2200205Ia 4500
003 GCL
008 140319s9999 xx 000 0 ara d
040 _aGCL /
_cGCL
082 0 4 _a730.9569
_bن ب
100 1 _aنصر يوسف الجوابره
245 1 0 _aالبنية الفكرية للفن التشكيلى المعاصر فى فلسطين /
_cنصر يوسف الجوابره
250 _aالاولى
260 _aالاردن :
_bدار الرائد للنشر والتوزيع ،
_c2005
300 _a266 ص ؛
_c24 سم
650 0 4 _aالفنون التشكيلية
650 0 4 _aاللوحات الفنية
650 0 4 _aالفنون التشكيلية - تاريخ - فلسطين
650 0 4 _aالفنانون الفلسطينيون
942 _2ddc
_cBK
999 _c8391
_d8391